000 00910nam a2200253Ia 4500
003 OSt
005 20220925233341.0
006 a|||||r|||| 00| 0
007 ta
008 220923b |||||||| |||| 00| 0 eng d
020 _a9789332704527
_c1495.00
037 _bBBS/27, 21/01/2019, Better Book Service
_cGeneral Book
040 _aRTL
_cRTL
_beng
041 _2eng
_aeng
082 _aX:9:(Z), Q8
100 _aSUNDAR K R Shyam
_9287551
245 0 _aContemporary reforms of labour market and industrial relations system in India
_b Ease of doing business versus labour rights In honour of Prof. Lalit Deshpande
260 _a New Delhi
_bAcademic Foundation
_c2018
300 _a379p
_ccm.
500 _aBibliography: p 318-322
650 _aEconomics
942 _hX:9:(Z), Q8
_cGB
_2CC
999 _c593509
_d593509